<?xml version="1.0" encoding="UTF-8"?>
<record
    xmlns:xsi="http://www.w3.org/2001/XMLSchema-instance"
    xsi:schemaLocation="http://www.loc.gov/MARC21/slim http://www.loc.gov/standards/marcxml/schema/MARC21slim.xsd"
    xmlns="http://www.loc.gov/MARC21/slim">

  <leader>00860nam a22002417a 4500</leader>
  <controlfield tag="003">UA-OsUOA</controlfield>
  <controlfield tag="001"> 39169 </controlfield>
  <controlfield tag="007">ta</controlfield>
  <controlfield tag="008">20060613b un ||||| |||| 00| 0 ukr d</controlfield>
  <datafield tag="100" ind1=" " ind2=" ">
    <subfield code="a">&#x422;&#x435;&#x43E;&#x444;&#x430;&#x43D; &#x417;&#x430;&#x442;&#x432;&#x43E;&#x440;&#x43D;&#x438;&#x43A;</subfield>
  </datafield>
  <datafield tag="090" ind1=" " ind2=" ">
    <subfield code="a">241.533:265</subfield>
    <subfield code="b">&#x422;33</subfield>
  </datafield>
  <datafield tag="942" ind1=" " ind2=" ">
    <subfield code="c">BK</subfield>
  </datafield>
  <datafield tag="040" ind1=" " ind2=" ">
    <subfield code="a">UA-OsUOA</subfield>
    <subfield code="b">ukr</subfield>
    <subfield code="c">UA-OsUOA</subfield>
    <subfield code="d">UA-OsUOA</subfield>
  </datafield>
  <datafield tag="245" ind1=" " ind2=" ">
    <subfield code="a">&#x41F;&#x440;&#x43E; &#x43F;&#x43E;&#x43A;&#x430;&#x44F;&#x43D;&#x43D;&#x44F;, &#x43F;&#x440;&#x438;&#x447;&#x430;&#x441;&#x442;&#x44F; &#x441;&#x432;&#x456;&#x44F;&#x442;&#x438;&#x445; &#x425;&#x440;&#x438;&#x441;&#x442;&#x43E;&#x432;&#x438;&#x445; &#x442;&#x430;&#x457;&#x43D;&#x441;&#x442;&#x432; &#x456; &#x432;&#x438;&#x43F;&#x440;&#x430;&#x432;&#x43B;&#x435;&#x43D;&#x43D;&#x44F; &#x436;&#x438;&#x442;&#x442;&#x44F;. &#x421;&#x43B;&#x43E;&#x432;&#x430; &#x43F;&#x440;&#x435;&#x43E;&#x441;&#x432;&#x44F;&#x449;&#x435;&#x43D;&#x43D;&#x43E;&#x433;&#x43E; &#x422;&#x435;&#x43E;&#x444;&#x430;&#x43D;&#x430; &#x43D;&#x430; &#x441;&#x432;&#x44F;&#x442;&#x443; &#x427;&#x43E;&#x442;&#x438;&#x440;&#x438;&#x434;&#x435;&#x441;&#x44F;&#x442;&#x43D;&#x438;&#x446;&#x44E; &#x43D;&#x430; &#x442;&#x438;&#x436;&#x43D;&#x456;, &#x449;&#x43E; &#x433;&#x43E;&#x442;&#x443;&#x44E;&#x442;&#x44C; &#x434;&#x43E; &#x43D;&#x435;&#x457;</subfield>
  </datafield>
  <datafield tag="300" ind1=" " ind2=" ">
    <subfield code="a">200 &#x441;.</subfield>
  </datafield>
  <datafield tag="955" ind1=" " ind2=" ">
    <subfield code="a">2</subfield>
  </datafield>
  <datafield tag="041" ind1=" " ind2=" ">
    <subfield code="a">ukr</subfield>
  </datafield>
  <datafield tag="080" ind1=" " ind2=" ">
    <subfield code="a">241.533:265</subfield>
  </datafield>
  <datafield tag="020" ind1=" " ind2=" ">
    <subfield code="a">966-561-362-6</subfield>
  </datafield>
  <datafield tag="260" ind1=" " ind2=" ">
    <subfield code="a">&#x41B;&#x44C;&#x432;&#x456;&#x432;</subfield>
    <subfield code="b">&#x421;&#x432;&#x456;&#x447;&#x430;&#x434;&#x43E;</subfield>
    <subfield code="c">2004</subfield>
  </datafield>
  <datafield tag="650" ind1=" " ind2="7">
    <subfield code="a">2 &#x420;&#x435;&#x43B;&#x456;&#x433;&#x456;&#x44F;. &#x422;&#x435;&#x43E;&#x43B;&#x43E;&#x433;&#x456;&#x44F;.</subfield>
    <subfield code="2">UDC</subfield>
  </datafield>
  <datafield tag="999" ind1=" " ind2=" ">
    <subfield code="c">325315</subfield>
    <subfield code="d">325315</subfield>
  </datafield>
  <datafield tag="952" ind1=" " ind2=" ">
    <subfield code="0">0</subfield>
    <subfield code="1">0</subfield>
    <subfield code="2">udc</subfield>
    <subfield code="4">0</subfield>
    <subfield code="7">0</subfield>
    <subfield code="a">102</subfield>
    <subfield code="b">102</subfield>
    <subfield code="d">2006-06-13</subfield>
    <subfield code="e">52/2006</subfield>
    <subfield code="g">8.33</subfield>
    <subfield code="i">96786</subfield>
    <subfield code="l">0</subfield>
    <subfield code="o">241.533:265 &#x422;33</subfield>
    <subfield code="p">96786</subfield>
    <subfield code="r">2022-02-07 00:00:00</subfield>
    <subfield code="w">2006-06-13</subfield>
    <subfield code="y">BK</subfield>
  </datafield>
</record>
